000
00326 a2200133 4500
001
63279
040
_c
Anchieta - Pituba
240
1
0
_a
2ª Avaliação de Redação, II Unidade
_l
por
245
1
0
_a
2ª Avaliação de Redação, II Unidade
362
0
_a
2017
440
1
_a
Colégio Anchieta
650
4
_a
Linguagem
942
_c
BK
999
_c
63279
_d
63279